LDR 00950naa#a2200193#i#450# 001 RU\\bibl\116687 005 20260413230606.1 011 ## _a2658-4026 100 ## _a20260330b2026####ek#y0rusy0150####ca 102 ## _aRU 200 1# _aОптимизация управленческих затрат организационной структуры сектора информационных технологий компании _eЖурнальная статья 210 1# _aБрянск _cБрянский государственный технический университет _d2026 215 ## _a10 с. 608 ## _aЖурнальная статья _2local 675 ## _aЭргономика. 331.101.1 _z 700 #1 _aКрутохвостов _gИгорь Григорьевич 700 #1 _aКрутохвостов _gДенис Григорьевич 700 #1 _aКузьменко _gАлександр Анатольевич 856 4# _abstu.editorum.ru _u